Every Frank Ocean Song with 100M+ Streams - Statistics

General Stats
  • This quiz has been taken 17 times
  • The average score is 25 of 45
Answer Stats
Album Streams Answer % Correct
Blonde 2,119,731,314 Pink + White
100%
channel ORANGE 114,402,059 White
93%
Blonde 1,015,475,576 Nights
86%
Blonde 1,112,900,131 White Ferrari
86%
Blonde 1,279,090,768 Ivy
79%
Blonde 404,333,843 Nikes
79%
Goblin 763,754,120 She
79%
channel ORANGE 1,554,656,747 Thinkin Bout You
79%
(Single) 961,011,465 Chanel
71%
channel ORANGE 1,511,823,633 Lost
71%
channel ORANGE 580,558,820 Pink Matter
71%
Blonde 642,472,331 Self Control
71%
channel ORANGE 300,045,114 Forrest Gump
64%
channel ORANGE 578,971,470 Pyramids
64%
Blonde 274,358,952 Seigfried
64%
Flower Boy 455,623,816 911 / Mr. Lonely
57%
Blonde 616,569,307 Godspeed
57%
channel ORANGE 125,839,366 Monks
57%
Watch The Throne 556,576,427 No Church In The Wild
57%
nostalgia,ULTRA. 971,383,619 Novacane
57%
Blonde 333,504,458 Solo
57%
Blonde 102,352,152 Solo (Reprise)
57%
channel ORANGE 572,557,402 Super Rich Kids
57%
channel ORANGE 271,382,529 Bad Religion
50%
Blonde 144,540,241 Close To You
50%
Blonde 109,622,787 Futura Free
50%
(Single) 544,734,914 In My Room
50%
Blonde 159,353,516 Skyline To
50%
Blonde 103,570,699 Be Yourself
43%
(Single) 263,357,825 Biking
43%
channel ORANGE 233,424,894 Crack Rock
43%
(Single) 130,504,949 DHL
43%
Blonde 131,134,362 Good Guy
43%
(Single) 364,431,449 Moon River
43%
channel ORANGE 120,365,066 Pilot Jones
43%
channel ORANGE 172,259,364 Sierra Leone
43%
Funk Wav Bounces Vol. 1 1,265,487,731 Slide
43%
channel ORANGE 238,951,032 Sweet Life
43%
Flower Boy 284,109,271 Where This Flower Blooms
43%
(Single) 144,371,037 Cayendo (Side A - Acoustic)
36%
(Single) 180,353,159 Provider
36%
TESTING 182,593,850 Purity
36%
nostalgia,ULTRA. 254,884,400 Swim Good
36%
Cozy Tapes Vol. 2: Too Cozy 208,573,472 RAF
29%
Doris 100,157,000 Sunday
29%
No matching quizzes found
Score Distribution
Percent of People with Each Score
Percentile by Number Answered
Your Score History
You have not taken this quiz